Reports on employment of the handicapped: (Record no. 36959)

MARC details
000 -LEADER
fixed length control field 00742nam a22002171 4500
001 - CONTROL NUMBER
control field l 58000024
003 - CONTROL NUMBER IDENTIFIER
control field DLC
005 - DATE AND TIME OF LATEST TRANSACTION
control field 20260227111545.0
008 - FIXED-LENGTH DATA ELEMENTS--GENERAL INFORMATION
fixed length control field 840914s1958 dcu f00010 eng
010 ## - LIBRARY OF CONGRESS CONTROL NUMBER
LC control number l 58000024 //r84
040 ## - CATALOGING SOURCE
Original cataloging agency DLC/ICU
Transcribing agency ICU
043 ## - GEOGRAPHIC AREA CODE
Geographic area code n-us---
050 0# - LIBRARY OF CONGRESS CALL NUMBER
Classification number HD7256.U5
Item number A57 1958
082 0# - DEWEY DECIMAL CLASSIFICATION NUMBER
Classification number 331.86
-- 371.91*
110 10 - MAIN ENTRY--CORPORATE NAME
Corporate name or jurisdiction name as entry element United States.
Subordinate unit President's Committee on Employment of the Physically Handicapped.
245 10 - TITLE STATEMENT
Title Reports on employment of the handicapped:
Remainder of title Personnel and industrial relations, Two doctors, The safety engineer.
260 0# - PUBLICATION, DISTRIBUTION, ETC.
Place of publication, distribution, etc. [Washington,
Name of publisher, distributor, etc. U.S. Govt. Print. Off.,
Date of publication, distribution, etc. 1958]
300 ## - PHYSICAL DESCRIPTION
Extent v, 37 p.
Dimensions 24 cm.
500 ## - GENERAL NOTE
General note Cover title.
650 #0 - SUBJECT ADDED ENTRY--TOPICAL TERM
Topical term or geographic name entry element Vocational rehabilitation
Geographic subdivision United States.

No items available.

Powered by Koha